000 00541nam a22001817a 4500
003 CEME
005 20210628210031.0
008 210210b xxu||||| |||| 00| 0 eng d
020 _a0-85296-762-4
040 _c.
082 _a621.38833 MOH
100 _aMohammed Ghanbari Ghanbari, Mohammed
_977930
245 _aVideo coding an introduction to standard codecs
260 _aUSA
_bTHE INSTITUTE OF ELECTRICAL ENGINEERING
_c1999
300 _a260P
650 _aVIDEO COMPRESSION CODING FOR VIDEO CONFERENCING
_977931
942 _cBK
_2ddc
999 _c583105
_d583105